[Event "TUR-chT 2nd League"]
[Site "Konya"]
[Date "2019.07.27"]
[Round "8.9"]
[White "Cakmak, Sarven"]
[Black "Yamac, Yuksel Yalcin"]
[Result "0-1"]
[WhiteElo "1784"]
[BlackElo "1781"]
[PlyCount "64"]
[EventDate "2019.07.22"]
[EventType "team-swiss"]
[EventRounds "9"]
[EventCountry "TUR"]
[SourceTitle "CBM 191 Extra"]
[Source "ChessBase"]
[SourceDate "2019.09.30"]
[SourceVersion "1"]
[SourceVersionDate "2019.09.30"]
[SourceQuality "1"]
[WhiteTeam "Istanbul Sisli"]
[BlackTeam "Konya Erkin"]
[WhiteTeamCountry "TUR"]
[BlackTeamCountry "TUR"]

1. e4 e5 2. Nf3 Nc6 3. d4 exd4 4. Nxd4 Nxd4 5. Qxd4 d6 6. Nc3 Nf6 7. Bg5 Be7 8. Bc4 0-0 9. 0-0-0 Be6 10. Bxe6 fxe6 11. e5 Nh5 12. Bxe7 Qxe7 13. exd6 cxd6 14. g3 d5 15. f4 Nf6 16. Rde1 Qd7 17. Re2 b5 18. Rhe1 Rfe8 19. Nd1 Qc6 20. Nf2 Rac8 21. Nd3 Ne4 22. Nf2 Nd6 23. Nd3 Nf5 24. Qxa7 Rc7 25. Qf2 d4 26. Kb1 Ne3 27. Rc1 Ra8 28. Nb4 Qc4 29. a3 Qxb4 30. Rxe3 dxe3 31. Qf3 Qa4 32. Qxe3 Qc4 0-1

[Event "TUR-chT 2nd League"]
[Site "Konya"]
[Date "2019.07.25"]
[Round "6.10"]
[White "Erbis, Baris"]
[Black "Yamac, Yuksel Yalcin"]
[Result "1-0"]
[WhiteElo "1904"]
[BlackElo "1781"]
[PlyCount "20"]
[EventDate "2019.07.22"]
[EventType "team-swiss"]
[EventRounds "9"]
[EventCountry "TUR"]
[SourceTitle "CBM 191 Extra"]
[Source "ChessBase"]
[SourceDate "2019.09.30"]
[SourceVersion "1"]
[SourceVersionDate "2019.09.30"]
[SourceQuality "1"]
[WhiteTeam "Yalova Altinkale"]
[BlackTeam "Konya Erkin"]
[WhiteTeamCountry "TUR"]
[BlackTeamCountry "TUR"]

1. e4 e5 2. Nf3 Nf6 3. Bc4 Bc5 4. b4 Bxb4 5. c3 Ba5 6. d4 d6 7. Qb3 Nxe4 8. Bxf7+ Kf8 9. Qa4 Kxf7 10. Qxa5 h6 1-0

[Event "TUR-chT 2nd League"]
[Site "Konya"]
[Date "2019.07.23"]
[Round "2.7"]
[White "Yamac, Yuksel Yalcin"]
[Black "Metin, Mehmet"]
[Result "0-1"]
[WhiteElo "1781"]
[BlackElo "2150"]
[PlyCount "86"]
[EventDate "2019.07.22"]
[EventType "team-swiss"]
[EventRounds "9"]
[EventCountry "TUR"]
[SourceTitle "CBM 191 Extra"]
[Source "ChessBase"]
[SourceDate "2019.09.30"]
[SourceVersion "1"]
[SourceVersionDate "2019.09.30"]
[SourceQuality "1"]
[WhiteTeam "Konya Erkin"]
[BlackTeam "Mercan Egitim"]
[WhiteTeamCountry "TUR"]
[BlackTeamCountry "TUR"]

1. d4 Nf6 2. Nf3 d5 3. c4 e6 4. Nc3 Be7 5. Bg5 0-0 6. e3 Nbd7 7. Qc2 c6 8. Bd3 dxc4 9. Bxc4 Nd5 10. Bxe7 Qxe7 11. g3 Nxc3 12. Qxc3 c5 13. Rd1 b6 14. d5 exd5 15. Bxd5 Rb8 16. Bc6 Nf6 17. Qe5 Qxe5 18. Nxe5 Be6 19. Ke2 Rfc8 20. f3 Rc7 21. Rd6 g6 22. Rhd1 Kg7 23. Rd8 Rbc8 24. R1d6 Rxd8 25. Rxd8 Ng8 26. e4 f6 27. Rd6 Bc8 28. Nd7 Kf7 29. Bd5+ Ke7 30. e5 fxe5 31. Re6+ Kxd7 32. Rxe5 Ba6+ 33. Kd2 Kd6 34. f4 Nf6 35. Bf3 Re7 36. Rg5 Ne4+ 37. Bxe4 Rxe4 38. f5 Re5 39. g4 gxf5 40. gxf5 Bc8 41. Rg7 Bxf5 42. Rxa7 Bd7 43. a4 Rh5 0-1

[Event "TUR-chT 2nd League"]
[Site "Konya"]
[Date "2019.07.22"]
[Round "1.16"]
[White "Atasoy, Ata"]
[Black "Yamac, Yuksel Yalcin"]
[Result "0-1"]
[WhiteElo "1492"]
[BlackElo "1781"]
[PlyCount "80"]
[EventDate "2019.07.22"]
[EventType "team-swiss"]
[EventRounds "9"]
[EventCountry "TUR"]
[SourceTitle "CBM 191 Extra"]
[Source "ChessBase"]
[SourceDate "2019.09.30"]
[SourceVersion "1"]
[SourceVersionDate "2019.09.30"]
[SourceQuality "1"]
[WhiteTeam "Maras Spor Kulubu"]
[BlackTeam "Konya Erkin"]
[WhiteTeamCountry "TUR"]
[BlackTeamCountry "TUR"]

1. e4 e5 2. Nf3 Nc6 3. Bb5 a6 4. Ba4 Nf6 5. 0-0 b5 6. Bb3 Be7 7. d3 0-0 8. a4 Bb7 9. Nc3 b4 10. Nd5 d6 11. a5 Rb8 12. Bd2 Bc8 13. Qe1 Bg4 14. Nxb4 Nxb4 15. Bxb4 Nh5 16. Kh1 Kh8 17. Ng1 Bh4 18. g3 Bg5 19. Bd2 Bf6 20. Ba2 Bg5 21. Bxg5 Qxg5 22. f3 Bd7 23. Ne2 Bh3 24. Rf2 Bd7 25. f4 Qe7 26. fxe5 dxe5 27. Qc3 c6 28. Raf1 Nf6 29. Ng1 c5 30. Nf3 Ng4 31. Re2 f6 32. Kg2 Qd6 33. h3 Nh6 34. Ref2 Rbe8 35. Nd2 Nf7 36. Nc4 Qc7 37. Nb6 Be6 38. Bxe6 Rxe6 39. Nd5 Qc6 40. g4 Nd6 0-1